Contribution of ion currents to beat-to-beat variability of action potential duration in canine ventricular myocytes

Although beat-to-beat variability (short-term variability, SV) of action potential duration (APD) is considered as a predictor of imminent cardiac arrhythmias, the underlying mechanisms are still not clear. In the present study, therefore, we aimed to determine the role of the major cardiac ion curr...

Teljes leírás

Elmentve itt :
Bibliográfiai részletek
Szerzők: Szentandrássy Norbert
Kistamás Kornél
Hegyi Bence
Horváth Balázs
Ruzsnavszky Ferenc
Váczi Krisztina
Magyar János
Bányász Tamás
Varró András
Nánási Péter Pál
Dokumentumtípus: Cikk
Megjelent: 2016
Sorozat:PFLUGERS ARCHIV-EUROPEAN JOURNAL OF PHYSIOLOGY 467 No. 7
doi:10.1007/s00424-014-1581-4

mtmt:2763937
Online Access:http://publicatio.bibl.u-szeged.hu/15894
LEADER 02739nab a2200313 i 4500
001 publ15894
005 20210324152142.0
008 190701s2016 hu o 0|| zxx d
022 |a 0031-6768 
024 7 |a 10.1007/s00424-014-1581-4  |2 doi 
024 7 |a 2763937  |2 mtmt 
040 |a SZTE Publicatio Repozitórium  |b hun 
041 |a zxx 
100 1 |a Szentandrássy Norbert 
245 1 0 |a Contribution of ion currents to beat-to-beat variability of action potential duration in canine ventricular myocytes  |h [elektronikus dokumentum] /  |c  Szentandrássy Norbert 
260 |c 2016 
300 |a 1431-1443 
490 0 |a PFLUGERS ARCHIV-EUROPEAN JOURNAL OF PHYSIOLOGY  |v 467 No. 7 
520 3 |a Although beat-to-beat variability (short-term variability, SV) of action potential duration (APD) is considered as a predictor of imminent cardiac arrhythmias, the underlying mechanisms are still not clear. In the present study, therefore, we aimed to determine the role of the major cardiac ion currents, APD, stimulation frequency, and changes in the intracellular Ca2+ concentration ([Ca2+]i) on the magnitude of SV. Action potentials were recorded from isolated canine ventricular cardiomyocytes using conventional microelectrode techniques. SV was an exponential function of APD, when APD was modified by current injections. Drug effects were characterized as relative SV changes by comparing the drug-induced changes in SV to those in APD according to the exponential function obtained with current pulses. Relative SV was increased by dofetilide, HMR 1556, nisoldipine, and veratridine, while it was reduced by BAY K8644, tetrodotoxin, lidocaine, and isoproterenol. Relative SV was also increased by increasing the stimulation frequency and [Ca2+]i. In summary, relative SV is decreased by ion currents involved in the negative feedback regulation of APD (I Ca, I Ks, and I Kr), while it is increased by I Na and I to. We conclude that drug-induced effects on SV should be evaluated in relation with the concomitant changes in APD. Since relative SV was decreased by ion currents playing critical role in the negative feedback regulation of APD, blockade of these currents, or the beta-adrenergic pathway, may carry also some additional proarrhythmic risk in addition to their well-known antiarrhythmic action. 
700 0 1 |a Kistamás Kornél  |e aut 
700 0 1 |a Hegyi Bence  |e aut 
700 0 1 |a Horváth Balázs  |e aut 
700 0 1 |a Ruzsnavszky Ferenc  |e aut 
700 0 1 |a Váczi Krisztina  |e aut 
700 0 1 |a Magyar János  |e aut 
700 0 1 |a Bányász Tamás  |e aut 
700 0 1 |a Varró András  |e aut 
700 0 1 |a Nánási Péter Pál  |e aut 
856 4 0 |u http://publicatio.bibl.u-szeged.hu/15894/1/SzentandrassyetalPflugers2015.pdf  |z Dokumentum-elérés